00852nam a2200241 4500003000900000005001700009008004100026020001900067040002300086050001900109100004400128245011500172246003300287264004500320300001800365336002200383337002400405338002400429490003400453600003300487650004800520700004200568MX-MxINE20260601193900.0260506b2018 |||||||| |||| 00| 0 spa d a 9786077474906 aICIbspacICIerda 4aF1234.Z37bA85 1aÁvila Espinosa, Felipe Arturo,eautor 1aBreve historia del zapatismo :btierra y libertad cFelipe Ávila ; con la colaboración de Pedro Salmerón 3aBreve historia del zapatismo 1aCiudad de México :bCrítica,c[2018] a374 páginas 2rdacontentatexto 2rdamediaasin medio 2rdacarrieravolumen 0aMemoria crítica de México 1aZapata, Emiliano,d1879-1919 1aMéxicoxHistoriayRevolución, 1910-1920 1aSalmerón Sanginés, Pedro,eeditor